|
|
|
|
| LEADER |
01194pam a2200289 a 4500 |
| 001 |
AALebookCAM001621 |
| 003 |
BD-DhAAL |
| 006 |
m||||||||d|||||||| |
| 007 |
cr|||||||||||| |
| 008 |
221123s9999 xxuabf fo j 001 0 eng d |
| 020 |
|
|
|a 9781107022881
|
| 040 |
|
|
|a BD-DhAAL
|c BD-DhAAL
|
| 100 |
1 |
|
|a Edited by Mark Richardson
|
| 245 |
0 |
0 |
|h [electronic resource]
|a Robert Frost in Context
|
| 250 |
|
|
|a 1
|
| 260 |
|
|
|b Cambridge University Press,
|c 04/05/2014
|
| 300 |
|
|
|a 1 online resource
|
| 490 |
1 |
|
|a Literature in Context
|
| 500 |
|
|
|a <strong>Off-Campus Access:</strong> Athens ID and Password Required
|
| 500 |
|
|
|a <strong>On-Campus Access:</strong> No User ID or Password Required
|
| 506 |
|
|
|a Electronic access restricted to authorized BRAC University faculty, staff and students
|
| 538 |
|
|
|a Mode of access: Internet
|
| 650 |
|
4 |
|a American literature
|
| 655 |
|
7 |
|a Electronic books
|2 Library of Congress
|
| 830 |
|
0 |
|a Literature in Context
|
| 856 |
4 |
0 |
|z Full text available on Cambridge University Press
|u http://dx.doi.org/10.1017/CBO9781139137218
|
| 856 |
4 |
0 |
|z Off-campus access
|u https://go.openathens.net/redirector/bracu.ac.bd?url=http%3A%2F%2Fdx.doi.org%2F10.1017%2FCBO9781139137218
|